| 000 | 01000cam a22003131 4500 | ||
|---|---|---|---|
| 001 | 17238 | ||
| 003 | BD-RjUL | ||
| 005 | 20211209000117.0 | ||
| 008 | 191116s1962 enka b 001 0 eng | ||
| 035 | _a(BD-RjUL)17296 | ||
| 035 | _a(OCoLC)2338994 | ||
| 040 |
_aDLC _cAzTeS _dUk _dDLC _beng |
||
| 041 | _aeng | ||
| 042 | _apremarc | ||
| 082 |
_223 _a669.9 _bBIP 1962 |
||
| 100 | 1 |
_aBiswas, A. K. _q(Anil Kumar), _d1922- _9235047 |
|
| 245 | 1 | 4 |
_aThe physical chemistry of metallurgical processes / _c[by] A.K. Biswas and G. Reginald Bashforth. |
| 260 |
_aLondon : _bChapman & Hall , _c1962. |
||
| 300 |
_axi, 336 p. : _bdiagrs., tables. ; _c23 cm. |
||
| 504 | _aIncludes bibliographical references. | ||
| 650 | 0 |
_aMetals. _9235048 |
|
| 650 | 0 |
_aChemistry, Physical and theoretical. _9235049 |
|
| 700 | 1 |
_aBashforth, George Reginald, _9235050 |
|
| 906 |
_a7 _bcbc _coclcrpl _du _encip _f19 _gy-gencatlg |
||
| 942 |
_2ddc _cBK |
||
| 999 |
_c17238 _d17238 |
||